Тест на общие знания №22 - Statistics

General Stats
  • This quiz has been taken 58 times
  • The average score is 10 of 20
Answer Stats
Вопрос Ответ % Correct
Флаг какого цвета символизирует поражение? белый
95%
Сколько струн у классической балалайки? 3
93%
Какая шахматная фигура ходит только по диагонали? слон
91%
Какая планета Солнечной системы на данный момент полностью заселена роботами? Марс
86%
Как называется музыкальный коллектив из четырёх человек? квартет
86%
Какая система предполагает запись чисел нулями и единицами? двоичная
73%
Что хотел заполучить Железный дровосек из сказки "Волшебник Изумрудного города"? сердце
70%
Что отрубил Руслан Черномору, чтобы лишить его магических сил? борода
70%
Какой пролив разделяет Чукотку и Аляску? Берингов пролив
68%
Кто был вокалистом групп "Посев", "Коммунизм" и "Гражданская оборона"? Егор Летов
52%
Самоназвание какой страны пишется как საქართველო? Грузия
50%
Какой вид также называют "кит-убийца"? косатка
39%
Где находится Море Спокойствия? Луна
32%
За чем охотились герои романа "12 стульев"? бриллианты
20%
Как называется преступление, заключающееся в даче ложных показаний правоохранительным органам? лжесвидетельство
20%
В каком фильме у персонажей были кодовые имена "мистер Белый", "мистер Оранжевый", "мистер Розовый", "мистер Голубой", "мистер Блондин" и "мистер Браун"? "Бешеные псы"
16%
Какая итальянская достопримечательность за 2023-й год собрала около 1,6 млн. евро? фонтан Треви
16%
Какой химический элемент назван в честь злого гнома? кобальт
14%
Назовите самый маленький субъект России, не считая городов федерального назначения Республика Ингушетия
14%
Латинское название какого животного звучит как "Hippotigris"? зебра
9%
No matching quizzes found
Score Distribution
Percent of People with Each Score
Percentile by Number Answered
Your Score History
You have not taken this quiz